| 000 | 00510nam a2200193 i 4500 | ||
|---|---|---|---|
| 001 | bg | ||
| 100 | 1 | _aBRINCKAMANN, A. E. | |
| 245 | 0 |
_aDie Kunst des Rokoko / _cvon A. E. Brinckmann. |
|
| 260 |
_aBerlin : _bPropylän, _c1940. |
||
| 490 | 1 |
_aPropyläen - Kunstgeschichte ; _vBd.13 |
|
| 650 | 9 |
_aSztuka _xhistoria _zEuropa |
|
| 650 | 9 | _aRokoko | |
| 830 | _aPropyläen - Kunstgeschichte ; | ||
| 040 | _cBPK | ||
| 041 | _apol | ||
| 080 | _a7.034.8 | ||
| 942 | _cKS | ||
| 008 | s pl f |000 0 pol | ||
| 999 |
_c7860 _d7860 |
||
| 856 |
_uhttp://koha.tu.koszalin.pl/cgi-bin/koha/opac-detail.pl?biblionumber=7860 _yKatalog online BPK |
||